mysqli: Table './ulib62015/stat_globaluid' is marked as crashed and should be repaired
select id from stat_globaluid where statuid='20260517235438_1491'
mysqli: Table './ulib62015/stat_globaluid' is marked as crashed and should be repaired
DELETE FROM stat_globaluid
WHERE id NOT IN (
SELECT id
FROM (
SELECT id
FROM stat_globaluid
ORDER BY id DESC
LIMIT 100
) foo
);
mysqli: Table './ulib62015/stat_globaluid' is marked as crashed and should be repaired
insert into stat_globaluid set
statuid='20260517235438_1491',
dt='1779036878',
phpself='/ULIB62015/dublinfull.php',
agent='Mozilla/5.0 AppleWebKit/537.36 (KHTML, like Gecko; compatible; ClaudeBot/1.0; +claudebot@anthropic.com)',
yea='2026',
mon='5',
dat='17',
ip='216.73.216.45'
mysqli: Table './ulib62015/stathist_viewbib_bib_type' is marked as crashed and should be repaired
insert into stathist_viewbib_bib_type set
dat='17' ,
mon='05' ,
yea='2026' ,
statuid='20260517235438_1491' ,
head='13399107816' ,
foot='marc' ,
dt='1779036878'
| LEADER : 00000nam 2200000uu 4500 |
| 008 101221s||||||||th 000 0 tha d |
| 060 4 WH25^bB877h 1976
|
| 100 1 Brown, Barbara A
|
| 245 10 Hematology :^bprinciples and procedures /^cBarbara A.Brown
|
| 250 2nd ed
|
| 260 Philadelphia :^bLea & Febiger,^c1976
|
| 300 x, 336 p. :^bill
|
| 650 2 HEMATOLOGIC DISEASES^xDIAGNOSIS^xLABORATORY MANUALS
|
| 945 ^p0^l0^i014234 |
| 999 ^aบรรณารักษ์
|
| คุณยังไม่ได้ล็อกอิน คุณสามารถมีกิจกรรมร่วมกับเว็บไซต์ได้ แต่ต้องล็อกอินก่อน :: |
|
|
|
| ลำดับที่ |
ประเภท |
เลขเรียก/บาร์โค้ด |
สถานที่ |
สถานะ |
| 1. |
 หนังสือ | WH25 B877h Barcode: 014234 | หนังสือทั่วไป | บนชั้น ขอยืม |
|
ยังไม่เคยถูกคอมเมนท์
|
| คอมเมนท์ทรัพยากรรายการนี้ |
|